Benčík si prvenstvo nenechal ujsť 40. ročník medzinárodných cyklistických pretekov Hlasu ľudu - Škoda

Bibliographic Details
Main Author: Lučanič, Ľudovít, 1959- (Author)
Format: Article
Language:Slovak
Subjects:

MARC

LEADER 00000nab a2200000 a 4500
001 vtls000659497
003 SK-MaSNL
005 20260302183624.0
008 180206c1998 xo 0 slo
015 |a SNBRB1998/06-16443 
035 |a CLN000011689 
040 |a SNKBUCL  |b slo  |c SNKBUCL  |e AACR2 
041 0 |a slo 
044 |a xo  |c SK 
080 |a 796.61.093.53  |2 UDC-MRF-SK2 
100 1 |a Lučanič, Ľudovít,  |d 1959-  |4 aut  |9 5542 
245 1 0 |a Benčík si prvenstvo nenechal ujsť  |b 40. ročník medzinárodných cyklistických pretekov Hlasu ľudu - Škoda  |c Ľudovít Lučanič 
611 1 7 |a Medzinárodné cyklistické preteky Hlasu ľudu - Škoda  |n 40.  |d 1998  |2 snkbucl  |9 897482 
650 0 7 |a cestná cyklistika  |2 snkbucl  |9 75789 
655 7 |a články z novín a časopisov  |2 snkbucl  |9 267496 
773 0 |t Šport  |g Roč. 52, č. 142 (22.6.1998), s. 18 
850 |a Slovenská národná knižnica v Martine 
852 |a SNK  |b KIS3GCP 
958 |a RBX 
999 |c 1422331  |d 1424261